000 01175nam a22002657a 4500
003 BD-DhSAU
005 20220915131346.0
008 150613b2021 bg a|||| m||| 00| 0 eng d
040 _aBD-DhSAU
082 _222
_a581.35
_bH24
100 _aHasan, Kazi Mehedi
_eRegistration # 19-10056
245 _aGenetic variability and inter relationship among yield and its contributing traits of sweet gourds (Cucurbita maxima L.) /
_bMS thesis
_cKazi Mehedi Hasan
260 _aSher-e-Bangla Agricultural University :
_bDepartment of Genetics and plant breeding,
_cJune, 2021
300 _axi, 83p. :
_bill. map, chart ;
_c30 cm.
500 _aMS thesis of Department of Genetics and Plant Breeding, Faculty of Agriculture, Sher-e-Bangla Agricultural University, Dhaka, Bangladesh
504 _aIncludes bibliographical reference.
590 _akobir
650 _aGenetics and plant breeding
650 _asweet gourds
650 _aCucurbita maxima L.
700 _aMahmud, Firoz
_eSuperviser
700 _aSiddikee, Md. Ashaduzzaman
_eCo-superviser
856 _uhttp://archive.saulibrary.edu.bd:8080/xmlui/handle/123456789/4203
942 _2ddc
_cTHESIS
999 _c16030
_d16029